Library Banner

Sustainable landscaping / (Record no. 85518)

MARC details
000 -LEADER
fixed length control field 00441nam a2200169Ia 4500
001 - CONTROL NUMBER
control field 72484
008 - FIXED-LENGTH DATA ELEMENTS--GENERAL INFORMATION
fixed length control field 160428s9999 xx 000 0 und d
020 ## - INTERNATIONAL STANDARD BOOK NUMBER
International Standard Book Number 9781466593206
040 ## - CATALOGING SOURCE
Transcribing agency PK-LaUMT
082 ## - DEWEY DECIMAL CLASSIFICATION NUMBER
Classification number 712
Item number LOE-S
100 ## - MAIN ENTRY--PERSONAL NAME
Personal name Loehrlein, Marietta
245 ## - TITLE STATEMENT
Title Sustainable landscaping /
Remainder of title principles and practices
Statement of responsibility, etc Loehrlein, Marietta
260 ## - PUBLICATION, DISTRIBUTION, ETC. (IMPRINT)
Place of publication, distribution, etc Boca Raton:
Name of publisher, distributor, etc CRC Press,
Date of publication, distribution, etc 2014
300 ## - PHYSICAL DESCRIPTION
Extent 305 p.
546 ## - LANGUAGE NOTE
Language note EN
942 ## - ADDED ENTRY ELEMENTS (KOHA)
Koha item type Books
Holdings
Withdrawn status Lost status Damaged status Not for loan Home library Current library Date acquired Total Checkouts Full call number Barcode Date last seen Date checked out Price effective from Koha item type
        UMT Main Campus UMT Main Campus 2016-04-28 6 712 LOE-S 98986 2023-12-04 2023-11-20 2016-04-28 Books